000 00218 a2200097 4500
001 7534
100 _aA R C
245 _aR & M Nos 2863, 64,67, 69,70,72,81,82,83,85,86
260 _a
_bH M S O
_c
090 _c6032
_d6032
942 _aNUST-CAE
_cM
_c32526
999 _c242607
_d242607